000 00643nam a22001937a 4500
005 20250708140327.0
008 250708b ||||| |||| 00| 0 spa d
020 _a978-987-629-368-6
040 _aAR-FvUNAJ
_dAR-FvUNAJ
_eaacr2
082 1 4 _214
_a305.42
100 1 _921590
_aMacKinnon, Catharine A.
245 1 0 _aFeminismo inmodificado :
_bdiscursos sobre la vida y el derecho /
_cCatharine A. MacKinnon
260 _aBuenos Aires :
_bSiglo Veintiuno Editores,
_c2018.
300 _a367 p,
650 0 _93802
_aFEMINISMO
650 0 _919421
_aESTUDIOS DE GÉNERO
942 _2ddc
_cLIBRO
980 _62
_aVirginia Figueroa
_82
_gVirginia Figueroa
999 _c11025
_d11025